000 00525nam a2200193Ia 4500
003 GCL
008 140319s9999 xx 000 0 ara d
040 _aGCL /
_cGCL
082 0 4 _a913.031
_bع ا
100 1 _aعلى محمد مهدى
245 1 0 _aالاخيضر /
_cعلى محمد مهدى
490 _a
650 0 4 _aالعراق
650 0 4 _aالتاريخ الاسلامى
650 0 4 _aالاثار الاسلامية
650 0 4 _aالحصون والقلاع
650 0 4 _aالاخيضر
942 _2ddc
_cBK
999 _c41489
_d41489